03669nam a2200385 i 450000100060000000300080000600500170001400600190003100700150005000800410006502000320010602000220013803500220016004000310018205000260021308200120023924501370025126400700038830000410045833600310049933700330053033800430056350400420060650504720064852017410112058800830286160000630294465000240300765000360303165500270306770000440309470000400313870000420317885600630322061837FINmELB20241217142215.0m o u cr cn|||||||||220303s2021 ck ob 000 0 spa d a978-958-789-278-9q(e-book) z978-958-789-277-2 a(OCoLC)1304900772 aFINmELBbspaerdacFINmELB 4aB2430.F724bP467 202104a19422300aPensar con Bergson /cJuan Manuel Ruiz Jiménez, José Joaquin Andrade, directores; Luis Antonio Cifuentes Quiñónez [y otros]. 1aBarranquilla, Colombia :bEditorial Universidad del Norte,c2021. a1 recurso en línea (200 páginas) atextobtxt2rdacontent/spa acomputadorabc2rdamedia/spa arecurso en líneabcr2rdacarrier/spa aIncluye referencias bibliográficas.0 aPÁGINA LEGAL -- CONTENIDO -- PRESENTACIÓN -- EL RESCATE DE LA EXPERIENCIA VITALISTA EN BERGSON -- ESFUERZO INTELECTUAL Y ATENCIÓN A LA VIDA EN HENRI BERGSON -- PERCEPCIÓN Y CUERPO EN BERGSON -- HEIDEGGER LECTOR DE BERGSON -- LO VIRTUAL Y LO POSIBLE: DE BERGSON A DELEUZE -- BERGSON. GESTOS DEL PENSAR-PENSAR ENTRE GESTOS -- BERGSON. LA POLÍTICA DE LA APERTURA CREATIVA -- BERGSON Y SU INFLUENCIA EN LA TEORÍA CRÍTICA DE MAX HORKHEIMER -- LOS DIRECTORES. aEl departamento de Humanidades y Filosofía de la Universidad del Norte quiere, con este libro de investigación sobre el pensamiento del filósofo francés Henri Bergson (1859-1941), conmemorar los 8 años de su muerte. Hemos considerado que este es un pretexto válido, aunque no necesario, para renovar la atención que pueda prestársele a su estupenda obra. En efecto, su filosofía es de aquellas pocas que, por su profundidad, claridad y originalidad, ameritan un constante interés. Lo cierto es que Bergson fue revolucionario por su lectura del tiempo que rescata la dimensión interna de la experiencia como acontecimiento vital de primer orden; por su capacidad de síntesis de las nociones de materia y espíritu, que inauguró una nueva filosofía de la percepción y una brillante interpretación del concepto de imagen; por su concepción de la evolución y el cambio que trazaron nuevas formas de aprehender los procesos fisiológicos; y en fin, por su vanguardista modo de entender la consciencia y la relación entre esta y el entorno. El volumen que tiene el lector entre sus manos reúne las investigaciones de 8 académicos colombianos y extranjeros en torno al pensamiento de Bergson. Este libro se divide en tres secciones temáticas: la primera se centra en los conceptos fundamentales de Bergson, en particular en los de tiempo, memoria, percepción, atención, espíritu y cuerpo; la segunda aborda la influencia y lectura del pensamiento bergsoniano que se manifiestan en algunos filósofos contemporáneos de primer orden; finalmente, la tercera sección está reservada a reflexiones sobre el pensamiento de Bergson que atañen el campo de la filosofía política y social. aDescripción basada en metadatos suministrados por el editor y otras fuentes.14aBergson, Henri,d1859-1941xCrítica e interpretación. 0aPhilosophy, French. 4aFilosofía francesaySiglo XX. 4aLibros electrónicos.1 aRuiz Jiménez, Juan Manuel,edirector.1 aAndrade, José Joaquin,edirector.1 aCifuentes Quiñónez, Luis Antonio.40uhttps://elibro.net/ereader/politecnicointernacional/185016